000 00995pam a2200301 a 4500
001 1022392
003 ARRUPE
005 20150828122706.0
008 881031s1989 enka b 001 0 eng
010 _a 88039135
020 _a0631162925 :
_c$59.90 (U.S.)
020 _a0631162941 (pbk.) :
_c$19.90 (U.S.)
040 _aDLC
_cDLC
_dDLC
050 0 0 _aCB428
_b.H38 1989
082 0 0 _a909.82
_219
100 1 _aHarvey, David,
_d1935-
_96874
245 1 4 _aThe condition of postmodernity :
_ban enquiry into the origins of cultural change /
_cDavid Harvey.
260 _aOxford [England] ;
_aCambridge, Mass., USA :
_bBlackwell,
_c1989.
300 _aix, 378 p. :
_bill. ;
_c23 cm.
500 _aIncludes index.
504 _aBibliography: p. [360]-367.
650 0 _aCivilization, Modern
_y1950-
_94562
650 0 _aCapitalism.
_93
650 0 _aSpace and time.
_92213
650 0 _aPostmodernism.
_919226
906 _a7
_bcbc
_corignew
_d1
_eocip
_f19
_gy-gencatlg
942 _2lcc
_cMONOGRAPH
999 _c123206
_d123206